MDQL
is popping MORE tags! Check the
thread
!
Quizzes
Events
Quiz Creation
Community
Videos
Private Events
Remove Ads
Sign In
Join for FREE
Feedback
Dark Mode
Quiz Categories
Sports
Geography
Music
Movies
Television
Just For Fun
Miscellaneous
History
Literature
Language
Science
Gaming
Entertainment
Religion
Holiday
For Kids
Quiz Lab
Recent
Popular Today
Quiz Kudos Today
Editor Picks
Curator Picks
Quizzes by...
Day
Popularity
Type
Ratings
Length
Year
Community
Subscriptions
Recent Discussions
Orange Saloon
Badges
Playlists
Quests
Create
Leaderboards
Showdown
Live 5
Trivia Bingo
Activity
Puzzle Library
Sporcle Events
Private Events
Virtual Trivia
Globe League
Become a Host
Pub Owners
SporcleCon
Opinionation
Our Games
Videos
Blog
Mobile Apps
Partnerships
Remove Ads and Go Orange
Feedback
Science
Computer
Plants
Astronomy
Chemistry
Elements
Math
Animal
Physics
Anatomy
Biology
Geology
General Science
Science
Computer
Plants
Astronomy
Chemistry
Elements
Math
Animal
Physics
Anatomy
Biology
Geology
General Science
Random Quiz
Search Sporcle
×
Quiz Lab
Quiz Lab
Science
Animal
Select answers by clicking on text or image buttons
Select answers by clicking on text or image buttons
Clickable
Best Score? Go Orange.
Carnivores by Family (Clickable) Stats
Can you pick the family to which each of the listed carnivores belongs?
By
sbme
6m
55 Questions
323 Plays
323 Plays
323 Plays
Comments
Comments
Give Quiz Kudos
Give Quiz Kudos
-
- Ratings
hide this ad
More Info
Forced Order
Answers have to be entered in order
Answers have to be entered in order
Replay
Link that replays current quiz
Next Quiz
Link to next quiz in quiz playlist
You Got
0%
They Got
Avg Score
65%
Avg Friend Score
Upgrade to see
Score Distribution
Jump to the score distribution portion of the page
Score
0/55
Timer
06:00
0
Plays Today
% Correct
Felidae
89.2%
Felidae
89.2%
Felidae
87.3%
Canidae
86.1%
Canidae
85.8%
Felidae
85.4%
Felidae
84.2%
Felidae
83.6%
Canidae
83.6%
Ursidae
83.6%
Felidae
82.7%
Felidae
82.4%
Ursidae
81.4%
Ursidae
81.1%
Ursidae
80.5%
Felidae
80.2%
Canidae
78.9%
Canidae
78.9%
Felidae
77.1%
Ursidae
76.5%
Mustelidae
74.3%
Mustelidae
73.4%
Mustelidae
73.4%
Hyaenidae
71.5%
Mustelidae
71.5%
Mustelidae
71.5%
Mustelidae
71.5%
Canidae
70.3%
% Correct
Mustelidae
69.7%
Canidae
68.7%
Mustelidae
68.7%
Hyaenidae
67.8%
Phocidae
60.7%
Mustelidae
60.1%
Phocidae
58.2%
Phocidae
57.3%
Phocidae
56%
Hyaenidae
52.9%
Phocidae
51.1%
Procyonidae
48.9%
Herpestidae
47.1%
Herpestidae
46.7%
Procyonidae
46.7%
Otariidae
46.4%
Odobenidae
45.8%
Viverridae
44.6%
Otariidae
44.6%
Procyonidae
43.3%
Viverridae
43%
Otariidae
43%
Procyonidae
43%
Viverridae
42.7%
Herpestidae
42.7%
Procyonidae
41.8%
Viverridae
37.2%
Quiz Playlist
Details
Report
Send in Message
Add To Playlist
More Info:
Pick the family that each of these carnivores belongs to. Common names of each species are used.
Clickable:
Select answers by clicking on text or image buttons
Forced Order:
Answers have to be entered in order
Last Updated: Apr 2, 2017
Quiz Scoreboard
CHALLENGE
Sign Up to Join the Scoreboard
Show All
Scores
Hide
Comments
May contain spoilers
Recently Published
1-10 Letter E Words III
by El_Dandy
Language
2m
Street Fighter Characters
by Artimus82
Gaming
60s
College Basketball Coaching Resumes
by pancakes188
Sports
9m
More to Explore
Quiz From the Vault
Featured Blog Post
Where Did the Easter Bunny Come From?
hide this ad
You Might Also Like...
Tags
Animal Quiz
Animalian
Animal Phyla
Family
Taxonomy
Today's Top Quizzes in Science
Browse Science
hide this ad
Today's Top Quizzes in Animal
Browse Animal
Top Contributed Quizzes in Science
1
Quick Pick: Radians
2
The First 100 Digits of Pi
3
Quick Pick: 'CI-CJ' Animals
4
Elements In Images
5
perfect squares 1-25
6
One Thing in Common: Science
7
One Thing in Common: Science II
8
One Thing in Common: Animals
9
One Thing in Common: Science III
10
Science Jokes
Explore More
Trending Topics
Kpop
Disney
Anime
Harry Potter
NBA
Marvel
Crossword
Soccer
NFL
Pokémon
Country
Puzzle
WWE
Song
The Office
hide this ad
More By:
sbme
Quiz
Plays
Rating
Category
Featured
Created
Heart Stopping Challenge
682,052
3.24
Science
Mar 29, 2012
The Digestion Progression Challenge
252,947
3.63
Science
May 25, 2012
Top 10 Hits of 2010
154,693
3.80
Music
Dec 16, 2010
Big Mac Meltdown
143,095
3.66
Miscellaneous
Mar 29, 2012
Top 10 Hits of 2009
124,076
3.70
Music
Oct 2, 2009
Go to Creator's Profile
Score Distribution
Quiz Creator Spotlight
sbme
Follow
Send a Message
Quizzes Created
-
Created Quiz Play Count
-
More By This Creator
Popular Quizzes Today
1
Find the US States - No Outlines Minefield
2
Find the Countries of Europe - No Outlines Minefield
3
The Countries of the World
4
Find the US States
5
Risky Map Clicking: Biggest States A-Z
6
US States
7
Popular People in 1961
8
Movies - When Are They Set?
More Science Quizzes
Name That Mammal!
Published
Trending Quizzes
Risky Map Clicking: Least Populous States A-Z
Billboard Blitz: Aretha Franklin
Famous Russians: Author or Composer?
1-10 Letter G Words
Countries of the World: 200 Million BC
Recently Updated
Leaping Animals
pecheneg
Reality TV Shows (A-Z)
bhenderson79
Rickey Henderson's Hall of Fame Teammates
pecheneg
Champions League XIs: Arsenal
pecheneg
Quick Pick: Celebrities in WWE's Hall of Fame
aduchscher
A-Z Keypad Blitz II
pecheneg
Multiple Oscar Actors
pecheneg
Mystery Phrase Blitz: Oscar 'Best Actors'
pecheneg
F. Scott Fitzgerald Novels
LTH
Pick 3 Villains
ddd62291
Trending Topics
Anime
NBA
Crossword
Harry Potter
Kpop
Marvel
Disney
Pokémon
NFL
Song
The Office
Country
WWE
Soccer
Puzzle
Your Account Isn't Verified!
In order to create a playlist on Sporcle, you need to verify the email address you used during registration. Go to your
Sporcle Settings
to finish the process.
Report this User
Report this user for behavior that violates our
Community Guidelines
.
Details:
Send Report
Go to the Sporcle.com Mobile Site →
Comments